|
|
|
|
| LEADER |
00000nam a22000007a 4500 |
| 005 |
20151022132243.0 |
| 007 |
cr|||| ||u| |
| 008 |
151022s2013 ck ||||| |||| 00||0 spa d |
| 020 |
|
|
|a 978-958-738-347-8
|
| 035 |
|
|
|a 12908
|
| 040 |
|
|
|a vLex
|
| 090 |
|
|
|c 5618
|d 5618
|
| 100 |
1 |
|
|a Londoño Toro, Beatriz
|
| 245 |
1 |
3 |
|a El papel de los jueces contra la violencia de pareja en Colombia 2005-2009
|h [Recurso electrn̤ico] /
|c Beatriz Londoño Tor
|
| 256 |
|
|
|a Servicio en ln̕ea
|
| 260 |
|
|
|a Colombia
|b Editorial Universidad de Rosario (Colombia)
|c 2013
|
| 300 |
|
|
|a 1 recurso electn̤ico ( 206 páginas)
|
| 506 |
1 |
|
|a Contenido solo disponible en los productos indicados
|d vLex Global
|d vLex Global (Academic Edition, excluding Law Schools)
|d vLex Global (U.S. Academic Edition, Law Schools)
|d vLex Global (U.S. Academic Edition, excluding Law Schools)
|d vLex Global (Academic Edition, Law Schools)
|
| 650 |
0 |
4 |
|a Jueces
|z Colombia
|
| 740 |
0 |
|
|a vLex libros (servicio en ln̕ea)
|
| 856 |
4 |
0 |
|u http://vlex.com/source/12908
|z Acceso restringido
|
| 942 |
|
|
|c BOOK
|
| 999 |
0 |
|
|a Judges
|